| 000 | 00433nam a2200181Ia 4500 | ||
|---|---|---|---|
| 001 | 1258 | ||
| 005 | 20260306140619.0 | ||
| 008 | 260306t1991||||xx |||||||||||||| ||spa|| | ||
| 041 | _aESP | ||
| 082 |
_a190 _bC88 |
||
| 100 |
_aCruz Prados, Alfredo _eAUT |
||
| 245 | 0 | _aHistoria de la filosofía contemporánea | |
| 260 | _c1991 | ||
| 300 |
_a216 páginas : _c21 cm. |
||
| 650 | _aGEN | ||
| 654 | _aCHU | ||
| 942 |
_cLIB _dJUS _fJUS _2ddc _n |
||
| 999 |
_c1258 _d1258 |
||